| 000 | 00466nam a2200217Ia 4500 | ||
|---|---|---|---|
| 003 | IT-RoPAU | ||
| 008 | 120407s9999 xx 000 0 und d | ||
| 040 | _aIT-RoPAU | ||
| 040 | _cIT-RoPAU | ||
| 041 | _afra | ||
| 100 | _aFrançois Mauriac | ||
| 245 | _aCorrespondence André Gide, François Mauriac. | ||
| 250 | _aParis | ||
| 260 | _aGallimard | ||
| 260 | _c1971 | ||
| 300 | _c cm | ||
| 490 | _v1 | ||
| 600 | _a4,5,6,7. | ||
| 942 | _cBK | ||
| 999 |
_c17265 _d17265 |
||